Makhazin al-ghilal fi Misr al-qadimah /

محفوظ في:

المؤلف الرئيسي: ʻAwaḍ, Khālid Aḥmad Ḥamzah (مؤلف)

التنسيق: كتاب

اللغة: Arabic

منشور في: al-Haram [Giza] : ʻAyn lil-Dirāsāt wa-al-Buḥūth al-Insānīyah wa-al-Ijtimāʻīyah, 2007.

الطبعة: al-Tab'ah 1.

الموضوعات:

الوسوم: إضافة وسم

لا توجد وسوم, كن أول من يضع وسما على هذه التسجيلة!

رقم الطلب: SB190 .A94 2007

LEADER 01398namaa2200325 4500
001 21274
003 OSt
005 20240321093958.0
008 130303s2007 ua a b 001 0 ara d
952 |0 0  |1 0  |2 lcc  |4 0  |6 SB0190 A94 02007  |7 1  |9 10073  |a ARCE  |b ARCE  |d 2021-02-06  |l 0  |o SB190 .A94 2007  |p 1034059  |r 2021-02-06 00:00:00  |w 2021-02-06  |y BK 
999 |c 18474  |d 18474 
010 |a 2007411575 
020 |a 9773222101 
040 |c ARCE Library 
043 |a f-ua--- 
050 4 |a SB190 .A94 2007 
100 1 |6  880-01  |a ʻAwaḍ, Khālid Aḥmad Ḥamzah,  |e author 
245 1 0 |6 880-02  |a Makhazin al-ghilal fi Misr al-qadimah /   |c Khālid Aḥmad Ḥamzah ʻAwaḍ. 
250 |a al-Tab'ah 1. 
264 1 |a al-Haram [Giza] :  |b ʻAyn lil-Dirāsāt wa-al-Buḥūth al-Insānīyah wa-al-Ijtimāʻīyah,  |c 2007. 
300 |a 339 pages :  |b illustrations ;  |c 24 cm. 
504 |a Includes bibliographical references (pages [263]-278) and indexes. 
650 0 |a Grain  |x Storage  |z Egypt. 
650 0 |a Agriculture  |z Egypt  |x History. 
651 0 |a Egypt  |x History  |y To 332 B.C. 
651 0 |a Egypt  |x Antiquities. 
880 1 |6 100-01/(3/r  |a عوض، خالد أحمد حمزة‪‪‪‪‪‪‪‪‪‪‪‪‪‪‪‪‪‪‪‪‪‪‪‪‪‪‪‪‪‪‪‪ 
880 1 0 |6 245-02/(3/r  |a مخازن الغلال في مصر القديمة   |c خالد أحمد حمزة عوض 
901 |a reviewed 
942 |c BK  |2 lcc